01323nam a2200253Ia 4500003000400000005001700004008004100021020001800062040002100080041000800101082002600109100004000135245008200175250002200257260004000279300009500319490005600414504003300470505019900503520023600702650003500938650005000973650004601023OSt20201210171221.0191128s2014 ck ad gr 000 0 spa d a9789587710403 aCO-JMCRcCO-JMCR0 aspa04a658.404 / bT676p2231 aToro López, Francisco J., eautor10aPortafolio de proyectos con Excel y Project 2013 /cFrancisco J. Toro López aPrimera edición aBogotá : bEcoe Ediciones, c2014 axviii, 189 páginas : bilustraciones, diagramas y gráficos a blanco y negro ; c24 cm.0 aCiencias administrativas. Evaluación de proyectos aBibliografía: página 1890 aLa planeación estratégica de proyectos -- La planeación de proyectos -- El seguimiento y el control de múltiples proyectos --El cierre de proyectos -- Herramientas de manejo de proyectos0 aEste libro tiene el objeto de servir como herramienta para administrar la planeación y evaluación de múltiples proyectos, de una manera práctica y funcional, ilustrando el uso, cambianod un par de herramientas de Microsoft,24aAdministración de proyectos 24aControl de proyectos xPrograma de computador24aExcel ProjectosxPrograma para computador